000 00797cab a2200205 4500
001 ABS47744
008 090401t xxu||||| |||| 00| 0 eng d
035 _a(Sirsi) u63308
041 _aeng
245 _aNottingham takes a lead
260 _cNovember/December1992, 19(1)
350 _a0
490 _aADC Review
_vNovember/December1992, 19(1)
520 _aIn an attempt to influence estate agents and banks against racist behaviour Nottingham City Council is promoting a code of practice issued by the Commission for Racial Equality which aims to eliminate discrimination in buying and selling houses.
650 _aCOMMISSION FOR RACIAL EQUALITY
650 _aRACIAL DISCRIMINATION
690 _aMANAGEMENT-BUSINESS MANAGEMENT-PROFESSIONAL PRACTICE
942 _n0
948 _c04/03/1997
999 _c39365
_d39365